| 000 | 00485cam a22001337a 4500 | ||
|---|---|---|---|
| 008 | 180718b1965 xxu||||| |||| 00| 0 eng d | ||
| 082 | _aP234x5451 K45 | ||
| 100 | _aKerala. Commission for Reservation of Seats in Educational Institutions | ||
| 245 | _aReport of the Commission for reservation of seats in educational institutions, Kerala | ||
| 260 |
_aTrivandrum _bThe author _c1965 |
||
| 300 | _a142+p. | ||
| 500 | _aChairman: V. Kumara Pillai | ||
| 700 | _aPillai, V. Kumara (Chairman) | ||
| 999 |
_c489477 _d489477 |
||